000
00429nam a2200145Ia 4500
008
100204s9999 xx 000 0 und d
082
_b
14221
100
_a
भागवत विद्याधर
245
_a
योगी
260
_b
"चिंतामणी साहित्य सहयोग , कुडाळ"
_c
1990
300
_a
224
630
_a
योगी
730
_a
योगी
942
_c
BOOK
999
_c
458652
_d
458649